Deli and its mouments / (Record no. 137093)

MARC details
000 -LEADER
fixed length control field 00553nam a22001937a 4500
010 ## - LIBRARY OF CONGRESS CONTROL NUMBER
LC control number 068390
035 ## - SYSTEM CONTROL NUMBER
System control number 068390
037 ## - SOURCE OF ACQUISITION
Source of stock number/acquisition Cen Lib / Ret
040 ## - CATALOGING SOURCE
Original cataloging agency DPL
Language of cataloging En
082 ## - DEWEY DECIMAL CLASSIFICATION NUMBER
Classification number 954.16
Item number SEN
100 ## - MAIN ENTRY--PERSONAL NAME
Personal name Sen, Surendranath
245 ## - TITLE STATEMENT
Title Deli and its mouments /
Statement of responsibility, etc by Surendranath Sen
260 ## - PUBLICATION, DISTRIBUTION, ETC. (IMPRINT)
Place of publication, distribution, etc Calcutta
Name of publisher, distributor, etc A. Mukherjee
Date of publication, distribution, etc 1954
270 ## - ADDRESS
Address A. R. Mukherjee 2, College Square
City Calcutta
300 ## - PHYSICAL DESCRIPTION
Extent 47p ;
Dimensions 24cm(Hb)
650 ## - SUBJECT ADDED ENTRY--TOPICAL TERM
Topical term or geographic name as entry element Delhi (India) -- Antiquities.
650 ## - SUBJECT ADDED ENTRY--TOPICAL TERM
Topical term or geographic name as entry element Antiquities.
942 ## - ADDED ENTRY ELEMENTS (KOHA)
Source of classification or shelving scheme Dewey Decimal Classification
Koha item type English Books
Classification part 954.16
Call number suffix SEN
Holdings
Withdrawn status Lost status Damaged status Not for loan Home library Current library Date acquired Source of acquisition Total Checkouts Full call number Barcode Date last seen Copy number Price effective from Koha item type
        Central Library Central Library 16/03/2016 Cen Lib/Ret   954.16 SEN 068390 16/03/2016 1 16/03/2016 English Books

© Delhi Public Library
Hit Counter
free hit counter